000 00311nam a22001217a 4500
082 _a540
_bMTG/A
100 _aMTG LEARNING INDIA
245 _aAIEEE CHAPTERWISE SOLUTIONS
_bPHYSICS, CHEMISTRY, MATHEMATICS
260 _aDELHI
_bMTG BOOKS
_c2006
300 _a119
650 _aBIOLOGY REFERENCE
_zINDIA
942 _cBK
999 _c1384
_d1384